En mal poder / Jordi de Sant Jordi ; traducción de Juan Ramón Masoliver ; edición y prólogo de Martín de Riquer
ISBN:
84-7456-419-0
Descripción Física:
103 p. ; 22 cm
Colección:
Marca Hispánica
MARC
| LEADER | 00000nam a2200000Ia 4500 | ||
|---|---|---|---|
| 001 | 6478 | ||
| 008 | 160829s1987 xx 000 0 cat d | ||
| 020 | |a 84-7456-419-0 | ||
| 080 | |a L-1-89 | ||
| 100 | |a Sant Jordi, Jordi de |9 28816 | ||
| 245 | |a En mal poder / Jordi de Sant Jordi ; traducción de Juan Ramón Masoliver ; edición y prólogo de Martín de Riquer | ||
| 260 | |a Barcelona : |b Edicions del Mall, |c 1987 | ||
| 300 | |a 103 p. ; |c 22 cm | ||
| 490 | |a Marca Hispánica | ||
| 590 | |a Edició bilingüe: català-castellà. | ||
| 590 | |a Títol original: En mal poders | ||
| 700 | |a Masoliver, Juan Ramón, tr. |9 25827 |e traductor | ||
| 700 | 1 | |a Riquer, Martí de, |d 1914-2013 |e editor literari |9 21232 | |
| 901 | |a Arxiu | ||
| 942 | |n 1 |2 udc | ||
| 952 | |0 0 |1 0 |4 0 |6 L189 |7 1 |9 44948 |a Arxiu |b Arxiu |d 2016-12-01 |l 0 |o L-1-89 |p 6478 |r 2016-12-01 00:00:00 |w 2016-12-01 |y ARXIU | ||
| 999 | |c 47547 |d 47547 | ||